MARC

LEADER 00000nam0a2200000 4500
001 68975
005 20231031075305.0
035 |a (RuTPU)RU\TPU\book\73444 
090 |a 68975 
100 |a 20041013d1977 km y0rusy50 ca 
101 1 |a rus  |c eng 
102 |a RU 
105 |a a z 001zy 
200 1 |a Машинный подход к решению математических задач  |e пер. с англ.  |f Ю. Нивергельт, Дж. Фаррар, Э. Рейнголд 
210 |a Москва  |c Мир  |d 1977 
215 |a 346 с.  |c ил. 
225 1 |a Современная математика. Вводные курсы 
320 |a Предметный указатель: с. 346-349 
610 1 |a математика 
610 1 |a задачи 
610 1 |a решение 
610 1 |a прикладная комбинаторика 
610 1 |a игры 
610 1 |a принятие решений 
610 1 |a ЭВМ 
610 1 |a численный анализ 
675 |a 518.5  |v 3 
700 1 |a Нивергельт  |b Ю.  |g Юрг 
701 1 |a Фаррар  |b Дж. 
701 1 |a Рейнголд  |b Э.  |g Эдвард 
801 1 |a RU  |b 63413507  |c 20041013  |g PSBO 
801 2 |a RU  |b 63413507  |c 20201203  |g PSBO 
942 |c BK